Sports Quiz

Random Sports Quiz

Broncos Playoff Opponents through 2013 season Quiz Stats

 Plays Quiz not verified by Sporcle

Score 0/38 Timer 12:00
0 Plays Today
Year/Round Team % Correct
2013 AFC ChampionshipNew England Patriots
95.4%
2013 SB 48Seattle Seahawks
95.4%
2013 DivisionSan Diego Chargers
93.8%
2011 Wild CardPittsburgh Steelers
93.4%
2012 DivisionBaltimore Ravens
93%
2011 DivisionNew England Patriots
92.9%
2005 AFC ChampionshipPittsburgh Steelers
92.4%
1998 SB 33Atlanta Falcons
92.4%
1997 SB 32Green Bay Packers
92.1%
2005 DivisionNew England Patriots
85.1%
1989 SB 24San Francisco 49ers
84%
1987 SB 22Washington Redskins
82.6%
1986 SB 21New York Giants
82.6%
1996 DivisionJacksonville Jaguars
81.5%
2003 Wild CardIndianapolis Colts
80.9%
2004 Wild CardIndianapolis Colts
80.3%
1987 AFC ChampionshipCleveland Browns
80.3%
1977 SB 12Dallas Cowboys
80.1%
1997 AFC ChampionshipPittsburgh Steelers
78.1%
Year/Round Team % Correct
1986 AFC ChampionshipCleveland Browns
77.2%
1998 AFC ChampionshipNew York Jets
75.6%
1997 DivisionKansas City Chiefs
74.2%
1997 Wild CardJacksonville Jaguars
73%
1991 AFC ChampionshipBuffalo Bills
73%
2000 Wild CardBaltimore Ravens
72.8%
1989 AFC ChampionshipCleveland Browns
72.8%
1977 ConferenceOakland Raiders
69.9%
1998 DivisionMiami Dolphins
66.9%
1977 DivisionPittsburgh Steelers
63.2%
1991 DivisionHouston Oilers
62.4%
1993 Wild CardLos Angeles Raiders
59.6%
1978 DivisionPittsburgh Steelers
59.3%
1987 DivisionHouston Oilers
56.5%
1989 DivisionPittsburgh Steelers
56.2%
1984 DivisionPittsburgh Steelers
51.4%
1979 Wild CardHouston Oilers
50.8%
1986 DivisionNew England Patriots
48.6%
1983 Wild CardSeattle Seahawks
45.2%

You're not logged in!

Compare scores with friends on all Sporcle quizzes.
OR
Log In

Show Comments

Extras

Created Nov 19, 2010SourceReportNominate
Tags:Denver Broncos

Top Quizzes Today


Score Distribution

Your Account Isn't Verified!

In order to create a playlist on Sporcle, you need to verify the email address you used during registration. Go to your Sporcle Settings to finish the process.

Report this User

Report this user for behavior that violates our Community Guidelines.

Details: